大山下的小白马 / (Record no. 10096)
[ view plain ]
| 000 -LEADER | |
|---|---|
| fixed length control field | 00723nam a22001817a 4500 |
| 001 - CONTROL NUMBER | |
| control field | 10096 |
| 003 - CONTROL NUMBER IDENTIFIER | |
| control field | FISKH |
| 005 - DATE AND TIME OF LATEST TRANSACTION | |
| control field | 20260408100913.0 |
| 008 - FIXED-LENGTH DATA ELEMENTS--GENERAL INFORMATION | |
| fixed length control field | 260408b cb ||||| |||| 00| 0 eng d |
| 040 ## - CATALOGING SOURCE | |
| Original cataloging agency | FISKH |
| Language of cataloging | chi |
| Transcribing agency | FISKH |
| Modifying agency | FISKH |
| 100 ## - MAIN ENTRY--PERSONAL NAME | |
| Personal name | 柚子 |
| 245 ## - TITLE STATEMENT | |
| Title | 大山下的小白马 / |
| Statement of responsibility, etc. | By 柚子 |
| 300 ## - PHYSICAL DESCRIPTION | |
| Extent | 20 pages : |
| Other physical details | color illustrations ; |
| Dimensions | 21 cm . |
| 520 ## - SUMMARY, ETC. | |
| Summary, etc. | 《大山下的小白马》講述了一匹生活在大山下的小白馬的故事。書中以簡單的語言和生動的插圖,描述小白馬在山下的日常生活、遇見的朋友以及牠的冒險或發現。整體故事輕鬆溫馨,適合初學中文的兒童閱讀。 |
| 700 ## - ADDED ENTRY--PERSONAL NAME | |
| Personal name | 一菡 |
| 942 ## - ADDED ENTRY ELEMENTS (KOHA) | |
| Source of classification or shelving scheme | Dewey Decimal Classification |
| Koha item type | Chinese Book |
| Suppress in OPAC | No |
| Withdrawn status | Lost status | Source of classification or shelving scheme | Damaged status | Not for loan | Collection | Home library | Current library | Shelving location | Date acquired | Total Checkouts | Full call number | Barcode | Date last seen | Price effective from | Koha item type |
|---|---|---|---|---|---|---|---|---|---|---|---|---|---|---|---|
| Dewey Decimal Classification | Reference | Footprints International School Library Network Toul Tom Poung Campus | Footprints International School Library Network Toul Tom Poung Campus | Librarian's Shelf TTP | 04/08/2026 | 柚子 | 2026-0468 | 04/08/2026 | 04/08/2026 | Chinese Book |
